| 000 | 00477nam a2200181Ia 4500 | ||
|---|---|---|---|
| 005 | 20250508154848.0 | ||
| 008 | 008 250505s9999 xx 000 0 hin d | ||
| 037 | _aTextual | ||
| 040 |
_aFEDL _beng _cFEDL |
||
| 041 |
_ahin _2hin |
||
| 084 |
_aFH, SIN _qFEDL |
||
| 100 |
_aBalvant Singh _9766274 |
||
| 245 | 0 | _aSuna aasmman | |
| 260 |
_aAllahabad, India _bLokbharti Prakashan _c1967 |
||
| 300 | _a630p. | ||
| 942 |
_cTEXL _hFH, SIN |
||
| 999 |
_c1352504 _d1352504 |
||